OTO zvíťazil

Bibliographic Details
Main Authors: Ostricová, Marta (Author), Varga, Karol (Author)
Format: Article
Language:Slovak
Subjects:

MARC

LEADER 00000nab a2200000 ar4500
001 vtls008959116
003 SK-MaSNL
005 20260303071034.0
008 070327c2007 xo wr|p|||||||000 b|slo
015 |a SNBRB2007/03  |2 snkbucl 
038 |a SNKBUCL 
040 |a SNKBUCL  |b slo  |c SNKBUCL  |e AACR2 
041 |a slo 
044 |a xo  |c SK 
080 |a 7.097:06.068(437.6)  |2 2001 
080 |a 06.068(437.6)  |2 2001 
100 1 |a Ostricová, Marta  |4 aut  |9 841333 
245 1 0 |a OTO zvíťazil  |c Marta Ostricová, Karol Varga 
300 |b Fotogr. 
611 2 7 |a OTO  |n (  |d 2006)  |2 snkbucl  |9 1064918 
650 0 7 |a divácke ankety  |2 snkbucl  |9 1038821 
700 1 |a Varga, Karol  |4 aut  |9 274098 
773 0 |t Eurotelevízia  |g Roč. 17, č. 12 (2007), s. 4-6  |x 0139-7451 
852 |a SNK  |b KIS3GCP 
958 |a SK 
999 |c 1758039  |d 1759969